Catálogo público

Fertilizantes y sus usos / (Record no. 179223)

MARC details
000 -CABECERA
campo de control de longitud fija 00891nam a2200301Ia 4500
001 - NÚMERO DE CONTROL
campo de control dia_7757
003 - IDENTIFICADOR DEL NÚMERO DE CONTROL
campo de control CHAP
005 - FECHA Y HORA DE LA ÚLTIMA TRANSACCIÓN
campo de control 20251023151731.0
008 - DATOS DE LONGITUD FIJA--INFORMACIÓN GENERAL
campo de control de longitud fija 220117s1964 xx 000 0 und d
010 ## - NÚMERO DE CONTROL DE LA BIBLIOTECA DEL CONGRESO
Número de control de LC 179223
040 ## - FUENTE DE LA CATALOGACIÓN
Centro/agencia transcriptor CHAP
082 ## - NÚMERO DE LA CLASIFICACIÓN DECIMAL DEWEY
Número de clasificación 631.8 C66 1964
100 ## - ENTRADA PRINCIPAL--NOMBRE DE PERSONA
Nombre de persona Cooke, G. W.
9 (RLIN) 27714
245 ## - MENCIÓN DE TÍTULO
Título Fertilizantes y sus usos /
Mención de responsabilidad, etc. G. W. Cooke ; traducción Alonso Blackaller Valdes
260 ## - PUBLICACIÓN, DISTRIBUCIÓN, ETC.
Lugar de publicación, distribución, etc. México :
Nombre del editor, distribuidor, etc. CECSA,
Fecha de publicación, distribución, etc. 1964
300 ## - DESCRIPCIÓN FÍSICA
Extensión 180 p.
500 ## - NOTA GENERAL
Nota general Título original: Fertilizers and profitable farming
503 ## - NOTA DE HISTORIA BIBLIOGRÁFICA (BK CF MU) [OBSOLETO]
Nota de historia bibliográfica D.
504 ## - NOTA DE BIBLIOGRAFÍA, ETC.
Nota de bibliografía, etc. Bibliografía: p. 173-175
590 ## - NOTA LOCAL (RLIN)
Nota local S633 C66 1964
650 ## - PUNTO DE ACCESO ADICIONAL DE MATERIA--TÉRMINO DE MATERIA
Término de materia o nombre geográfico como elemento de entrada Fertilizantes
9 (RLIN) 40447
650 ## - PUNTO DE ACCESO ADICIONAL DE MATERIA--TÉRMINO DE MATERIA
Término de materia o nombre geográfico como elemento de entrada Fertilizers
9 (RLIN) 151965
700 ## - PUNTO DE ACCESO ADICIONAL--NOMBRE DE PERSONA
Nombre de persona Blackaller Valdes, Alonso, tr.
9 (RLIN) 163414
901 ## - ELEMENTOS DE DATOS A LOCAL LDA (RLIN)
a 631.8 C66 1964
902 ## - ELEMENTOS DE DATOS B LOCAL, LDB (RLIN)
a A
905 ## - ELEMENTOS DE DATOS E LOCAL, LDE (RLIN)
a 5232271964 mx mn 8222223322spa16
942 ## - ELEMENTOS DE PUNTO DE ACCESO ADICIONAL (KOHA)
Tipo de ítem Koha Libro
Fuente del sistema de clasificación o colocación Dewey Decimal Classification
Holdings
Estado de retiro Estado de pérdida Fuente del sistema de clasificación o colocación Estado dañado No para préstamo Código de colección Localización permanente Ubicación/localización actual Ubicación en estantería Fecha de adquisición Información codificada de la localización en otra ubicación Total de préstamos Código de barras Fecha visto por última vez Número de copia Precio válido a partir de Tipo de ítem Koha
    Dewey Decimal Classification     General Ingenieria Agroindustrial Ingenieria Agroindustrial   18/01/2022 1   dia_013179 18/01/2022 1 18/01/2022 Libro